Evaluación de los asentamientos y cooperativas campesinas en Honduras: período 1973
Estado de los asentamientos y cooperativas campesinas a un año de puesto en práctica el decreto Ley N.3, en Honduras, expone los aspectos positivos y negativos del proceso de asentamientos y cooperativas campesinas, e informa sobre su situación, considerando indicadores como: beneficiarios y presión...
Uloženo v:
| Hlavní autor: | |
|---|---|
| Médium: | Text |
| Vydáno: |
Tegucigalpa:
s.e.
|
| Témata: | |
| Tagy: |
Přidat tag
Žádné tagy, Buďte první, kdo vytvoří štítek k tomuto záznamu!
|
MARC
| LEADER | 00000 a a2200000 04500 | ||
|---|---|---|---|
| 001 | 19650 | ||
| 003 | |||
| 040 | |a CRAI/IIS |c CRAI/IIS | ||
| 090 | |a 078400 | ||
| 100 | |a Astorga Lira, Enrique | ||
| 245 | |a Evaluación de los asentamientos y cooperativas campesinas en Honduras: período 1973 | ||
| 260 | |a Tegucigalpa: |b s.e. | ||
| 300 | |a 90 p. | ||
| 520 | |a Estado de los asentamientos y cooperativas campesinas a un año de puesto en práctica el decreto Ley N.3, en Honduras, expone los aspectos positivos y negativos del proceso de asentamientos y cooperativas campesinas, e informa sobre su situación, considerando indicadores como: beneficiarios y presión sobre tierra, relación hombre-tierra e insumos productivos, crédito, producción y comercialización, compara asentamientos y cooperativas./ALLV | ||
| 650 | |a ESTRUCTURA AGRARIA | ||
| 650 | |a REFORMA AGRARIA | ||
| 650 | |a TENENCIA DE LA TIERRA | ||
| 650 | |a POLITICA AGRARIA | ||
| 650 | |a CCOPERATIVAS AGRICOLAS | ||
| 650 | |a ASENTAMIENTOS CAMPESINOS | ||
| 999 | |c 11403 |d 11403 | ||
